| 000 | 00000nes 2200000za 4500 |
| 001 | 9.513396 |
| 003 | CaOODSP |
| 005 | 20251128104957 |
| 006 | s|| m f0 | |
| 007 | aj |a||| |
| 008 | 150406c2002||||xxc|||| b##f | fre|d |
| 040 | |aCaOODSP|bfre |
| 043 | |an-cn--- |
| 086 | 1 |aM48F |
| 110 | 2 |aCommission géologique du Canada. |
| 245 | 10|aCarte série "A" |h[document cartographique] |
| 260 | |aOttawa - Ontario : |bRessources naturelles Canada. |
| 310 | |aIrrégulier |
| 775 | 08|t"A" series map |w(CaOODSP)9.511438 |
| 775 | 08|tCarte série "A" |w(CaOODSP)9.511439 |
| 775 | 08|t"A" series map |w(CaOODSP)9.515061 |
| 776 | 0#|tCarte série "A" |w(CaOODSP)9.816596 |
| 776 | 0#|tCarte série "A" |w(CaOODSP)9.514050 |